[Event "Vrsar Spring op"]
[Site "Vrsar"]
[Date "2024.04.01"]
[Round "2"]
[White "Fattorich, Igor"]
[Black "Jakrlin, Mihael"]
[Result "0-1"]
[WhiteElo "1943"]
[BlackElo "2119"]
[PlyCount "98"]
[EventDate "2024.04.01"]
[EventType "swiss"]
[EventRounds "9"]
[EventCountry "CRO"]
[SourceTitle "CB16_2024"]
[SourceDate "2024.04.17"]
[SourceVersion "1"]
[SourceVersionDate "2024.04.17"]
[SourceQuality "1"]

1. e4 d6 2. Nf3 Nf6 3. d3 g6 4. b3 Bg7 5. Bb2 c5 6. Nbd2 Nc6 7. Be2 0-0 8. 0-0 Bd7 9. Re1 b5 10. Nf1 Qc7 11. Ne3 e5 12. a4 a6 13. Qd2 Nd4 14. axb5 axb5 15. Reb1 h6 16. Bd1 Be6 17. Qc1 Rae8 18. c4 b4 19. Ra2 Nd7 20. Rba1 f5 21. Ra7 Qc8 22. R1a6 Nc6 23. Ra8 Qxa8 24. Rxa8 Rxa8 25. Bc2 Nd4 26. Nxd4 cxd4 27. Nd1 Nc5 28. Qd2 Kh7 29. f3 Bf6 30. Qc1 fxe4 31. fxe4 Bg5 32. Qb1 Bg4 33. Bc1 Be2 34. h4 Rf1+ 35. Kh2 Bxc1 36. Qxc1 Bxd1 37. Bxd1 Ra2 38. Qb1 Rd2 39. Qa1 Rdxd1 40. Qa7+ Kg8 41. Qb8+ Kg7 42. Qxd6 Nxd3 43. c5 Rf6 44. Qd7+ Rf7 45. Qb5 Nf2 46. g3 Ng4+ 47. Kg2 h5 48. Qe2 Rf2+ 49. Qxf2 Kh8 0-1

[Event "Pula op 35th"]
[Site "Pula"]
[Date "2023.06.17"]
[Round "1"]
[White "Cuenca Jimenez, Jose Fernando"]
[Black "Fattorich, Igor"]
[Result "1-0"]
[WhiteElo "2538"]
[BlackElo "1882"]
[PlyCount "73"]
[EventDate "2023.06.17"]
[EventType "swiss"]
[EventRounds "9"]
[EventCountry "CRO"]
[SourceTitle "CBM 214 Extra"]
[Source "ChessBase"]
[SourceDate "2023.07.31"]
[SourceVersion "1"]
[SourceVersionDate "2023.07.31"]
[SourceQuality "1"]

1. c4 Nf6 2. Nc3 e6 3. d4 d5 4. Nf3 c6 5. Bg5 Be7 6. e3 Nbd7 7. Qb3 b6 8. cxd5 exd5 9. Bd3 Bb7 10. 0-0 0-0 11. Rac1 Re8 12. Rfd1 Nf8 13. Ne5 N6d7 14. Bxe7 Qxe7 15. Nf3 Ne6 16. a4 Ng5 17. Nxg5 Qxg5 18. Ne2 Re6 19. Nf4 Rh6 20. g3 Re8 21. a5 Qf6 22. h4 Qd6 23. axb6 axb6 24. Ra1 f6 25. h5 b5 26. Qa3 Qc7 27. Rdc1 Nb6 28. Qc5 Qd8 29. b3 Nc8 30. Bf5 Nd6 31. Ra7 Bc8 32. Bxc8 Nxc8 33. Ra8 f5 34. Nxd5 Rhe6 35. Nf4 Rf6 36. d5 Rd6 37. Rxc8 1-0

[Event "Vrsar op"]
[Site "Vrsar"]
[Date "2023.04.27"]
[Round "4"]
[White "Kien, James"]
[Black "Fattorich, Igor"]
[Result "1-0"]
[WhiteElo "1732"]
[BlackElo "1856"]
[PlyCount "107"]
[EventDate "2023.04.25"]
[EventType "swiss"]
[EventRounds "9"]
[EventCountry "CRO"]
[SourceTitle "CBM 214 Extra"]
[Source "ChessBase"]
[SourceDate "2023.07.31"]
[SourceVersion "1"]
[SourceVersionDate "2023.07.31"]
[SourceQuality "1"]

1. e4 c6 2. d4 d5 3. e5 Bf5 4. h4 h6 5. g4 Bh7 6. e6 fxe6 7. Bd3 Bxd3 8. Qxd3 Nf6 9. Nf3 Ne4 10. Nbd2 Qa5 11. c3 Nd7 12. Nxe4 dxe4 13. Qxe4 0-0-0 14. Qxe6 Qd5 15. Qxd5 cxd5 16. Bf4 Rg8 17. 0-0-0 g6 18. Rde1 Nf6 19. Ne5 h5 20. gxh5 gxh5 21. Rhg1 Rxg1 22. Rxg1 Re8 23. f3 e6 24. Rg6 Nd7 25. Bg5 Nxe5 26. dxe5 Kd7 27. f4 Bc5 28. Rh6 Be3+ 29. Kc2 Rf8 30. Rxh5 Bxf4 31. Bf6 Rg8 32. Rh7+ Kc6 33. Re7 Rg2+ 34. Kb3 Bc1 35. Rxe6+ Kb5 36. a4+ Ka5 37. c4 Rxb2+ 38. Kc3 dxc4 39. Kxc4 Kxa4 40. Rd6 b5+ 41. Kd5 Be3 42. Ra6+ Kb3 43. e6 Rd2+ 44. Kc6 Rf2 45. Bg5 Rc2+ 46. Kd7 Bb6 47. e7 Rc7+ 48. Ke6 Rc8 49. Kf7 Rc7 50. h5 Bc5 51. h6 Bxe7 52. Bxe7 Rc2 53. h7 Rh2 54. Kg7 1-0

[Event "Vrsar op"]
[Site "Vrsar"]
[Date "2023.04.26"]
[Round "2"]
[White "Azinovic, Igor"]
[Black "Fattorich, Igor"]
[Result "0-1"]
[WhiteElo "1681"]
[BlackElo "1856"]
[PlyCount "96"]
[EventDate "2023.04.25"]
[EventType "swiss"]
[EventRounds "9"]
[EventCountry "CRO"]
[SourceTitle "CBM 214 Extra"]
[Source "ChessBase"]
[SourceDate "2023.07.31"]
[SourceVersion "1"]
[SourceVersionDate "2023.07.31"]
[SourceQuality "1"]

1. e4 c5 2. Nf3 a6 3. c4 e6 4. Nc3 b6 5. Qb3 d6 6. d4 Nf6 7. Bg5 Be7 8. e5 cxd4 9. exf6 gxf6 10. Bh6 dxc3 11. Qxc3 Bb7 12. 0-0-0 Be4 13. Bd3 Bg6 14. h4 Bf8 15. Bxf8 Kxf8 16. h5 Bxd3 17. Rxd3 Ra7 18. Ng5 d5 19. Kb1 Rd7 20. cxd5 e5 21. Qb4+ Ke8 22. Ne4 Nc6 23. Qc3 Nd4 24. d6 Rg8 25. Re1 Nb5 26. Nxf6+ Qxf6 27. Rxe5+ Qxe5 28. Qxe5+ Kf8 29. Re3 Nxd6 30. Qc3 Rxg2 31. Qc6 Rg1+ 32. Kc2 Rd8 33. Qxb6 Rc8+ 34. Rc3 Rxc3+ 35. bxc3 Ke7 36. Qxa6 Rg2 37. Kd3 Ke6 38. Ke2 f5 39. c4 Kd7 40. c5 Ne4 41. c6+ Kd6 42. Qc8 Rxf2+ 43. Ke3 Kd5 44. Qd7+ Ke5 45. c7 f4+ 46. Kd3 Rd2+ 47. Kc4 Rxd7 48. c8Q Nd6+ 0-1

[Event "CRO-chT2 West"]
[Site "Rijeka"]
[Date "2020.09.13"]
[Round "2.3"]
[White "Fattorich, Igor"]
[Black "Levar, Nenad"]
[Result "1-0"]
[WhiteElo "1978"]
[BlackElo "2023"]
[PlyCount "83"]
[EventDate "2020.09.12"]
[EventType "team-tourn"]
[EventRounds "9"]
[EventCountry "CRO"]
[SourceTitle "EXT 2022"]
[Source "ChessBase"]
[SourceDate "2021.10.06"]
[SourceVersion "1"]
[SourceVersionDate "2021.10.06"]
[SourceQuality "1"]
[WhiteTeam "Rovinj Batana"]
[BlackTeam "Karlobag"]
[WhiteTeamCountry "CRO"]
[BlackTeamCountry "CRO"]

1. d4 d5 2. Bf4 Nf6 3. e3 g6 4. Nf3 Bg7 5. Nc3 0-0 6. Be2 h6 7. h3 e6 8. g4 Nfd7 9. Qd2 a6 10. e4 dxe4 11. Nxe4 Kh7 12. h4 f5 13. Neg5+ hxg5 14. Nxg5+ Kg8 15. Nxe6 Qe7 16. Nxc7 Ra7 17. 0-0-0 b5 18. gxf5 Rxf5 19. Bg4 Nf6 20. Bxf5 Bxf5 21. Rhe1 Qf7 22. Qa5 Rb7 23. d5 Bf8 24. f3 Nh5 25. Bh2 Bh6+ 26. Kb1 Nf6 27. Ne6 Bf8 28. Nd8 Qd7 29. Nxb7 Qxb7 30. Qd8 Nbd7 31. Bd6 Qb6 32. Qxb6 Nxb6 33. Bxf8 Kxf8 34. d6 Nfd7 35. Re7 Nc4 36. Rh7 Kg8 37. Re7 Kf8 38. Re2 Nce5 39. Rde1 Nxf3 40. Re8+ Kf7 41. R1e7+ Kf6 42. Rxd7 1-0

[Event "Pula-ch"]
[Site "Pula"]
[Date "2015.01.29"]
[Round "5"]
[White "Fattorich, Igor"]
[Black "Terlevic, Mladen"]
[Result "1-0"]
[WhiteElo "2025"]
[BlackElo "1888"]
[PlyCount "96"]
[EventDate "2015.01.15"]
[EventType "swiss"]
[EventRounds "9"]
[EventCountry "CRO"]
[SourceTitle "EXT 2016"]
[Source "ChessBase"]
[SourceDate "2015.10.08"]
[SourceVersion "1"]
[SourceVersionDate "2015.10.08"]
[SourceQuality "1"]

1. d4 d5 2. Nf3 Nf6 3. Bf4 e6 4. e3 c5 5. c3 Bd6 6. Bg3 0-0 7. Bd3 c4 8. Bc2 Ne4 9. Nbd2 f5 10. Bxd6 Nxd6 11. Ne5 Nd7 12. Ndf3 Nf7 13. Qd2 Qf6 14. Nxd7 Bxd7 15. h4 h6 16. 0-0-0 b5 17. Rh3 a5 18. Rg1 Kh8 19. Bb1 b4 20. cxb4 axb4 21. Qxb4 Rfb8 22. Qc3 Rb7 23. Re1 Rab8 24. Re2 Be8 25. Ne5 Nd6 26. g4 Ne4 27. Qa3 c3 28. g5 cxb2+ 29. Rxb2 Rc7+ 30. Bc2 Rxb2 31. Kxb2 Qe7 32. Qxe7 Rxe7 33. Bxe4 fxe4 34. gxh6 g6 35. f3 Kh7 36. fxe4 dxe4 37. Rg3 Rb7+ 38. Kc3 Ra7 39. Kb3 Rb7+ 40. Kc4 Ra7 41. Kc5 Rxa2 42. Kd6 Kxh6 43. Ke7 Ra8 44. Rg5 Rb8 45. Kxe6 Rb3 46. d5 Kg7 47. Ke7 Rxe3 48. Kxe8 Kf6 1-0

[Event "CRO-chT2 West"]
[Site "Croatia"]
[Date "2014.11.15"]
[Round "7.43"]
[White "Acinger, Zeljko"]
[Black "Fattorich, Igor"]
[Result "0-1"]
[WhiteElo "1944"]
[BlackElo "2012"]
[PlyCount "126"]
[EventDate "2014.03.15"]
[EventType "team-tourn"]
[EventRounds "9"]
[EventCountry "CRO"]
[SourceTitle "EXT 2019"]
[Source "ChessBase"]
[SourceDate "2018.10.10"]
[SourceVersion "1"]
[SourceVersionDate "2018.10.10"]
[SourceQuality "1"]
[WhiteTeam "Delnice"]
[BlackTeam "Rovinj Batana"]
[WhiteTeamCountry "CRO"]
[BlackTeamCountry "CRO"]

1. e4 b6 2. d4 Bb7 3. Bd3 e6 4. Nf3 Nf6 5. Qe2 Be7 6. 0-0 d5 7. e5 Nfd7 8. c3 c5 9. b3 a5 10. a4 Ba6 11. Bb5 0-0 12. Na3 h6 13. h3 Qc7 14. Bb2 Rd8 15. Rac1 Nf8 16. Nh2 Qb7 17. f4 Nc6 18. Nf3 Ng6 19. g3 Bf8 20. Kg2 Nb8 21. Qc2 Bxb5 22. Nxb5 Nc6 23. Ba3 Rac8 24. f5 exf5 25. Qxf5 Qd7 26. Qh5 Re8 27. Rf2 Nd8 28. Rcf1 Rc6 29. Nh4 Nxh4+ 30. Qxh4 Rg6 31. Qh5 Rg5 32. Qf3 g6 33. g4 h5 34. Qe3 Bh6 35. Kh2 hxg4 36. h4 Rh5 37. Qg3 Bg5 38. Kg2 Bxh4 39. Qf4 Bxf2 40. Rxf2 Rf5 41. Qg3 Rxf2+ 42. Qxf2 Nb7 43. Bc1 Qf5 44. Qxf5 gxf5 45. Nc7 Rd8 46. Bg5 Rd7 47. Ne8 Kf8 48. Nf6 Rc7 49. Nxd5 Rc6 50. Nf6 cxd4 51. cxd4 Rc2+ 52. Kg1 Kg7 53. d5 Kg6 54. Be3 Re2 55. Bd4 Nc5 56. d6 Ne6 57. d7 g3 58. Nd5 Kg5 59. Bxb6 f4 60. d8Q+ Nxd8 61. Bxd8+ Kg4 62. Nf6+ Kf3 63. Bxa5 Rc2 0-1

[Event "CRO-chT2 West"]
[Site "Croatia"]
[Date "2014.03.15"]
[Round "1.14"]
[White "Cucancic, Sinisa"]
[Black "Fattorich, Igor"]
[Result "1-0"]
[WhiteElo "2255"]
[BlackElo "2012"]
[PlyCount "117"]
[EventDate "2014.03.15"]
[EventType "team-tourn"]
[EventRounds "9"]
[EventCountry "CRO"]
[SourceTitle "EXT 2019"]
[Source "ChessBase"]
[SourceDate "2018.10.10"]
[SourceVersion "1"]
[SourceVersionDate "2018.10.10"]
[SourceQuality "1"]
[WhiteTeam "Karlobag"]
[BlackTeam "Rovinj Batana"]
[WhiteTeamCountry "CRO"]
[BlackTeamCountry "CRO"]

1. e4 c5 2. b3 d6 3. Bb2 Nd7 4. f4 e6 5. Nf3 a6 6. c4 Ngf6 7. Bd3 Qc7 8. e5 dxe5 9. fxe5 Ng4 10. Qe2 g6 11. h3 Nh6 12. Nc3 Bg7 13. Ne4 0-0 14. g4 b6 15. Nd6 Rb8 16. 0-0-0 Bb7 17. Nxb7 Rxb7 18. Rdg1 Rfb8 19. h4 b5 20. h5 bxc4 21. Bxc4 Nb6 22. hxg6 hxg6 23. d3 a5 24. Qe3 a4 25. Nd2 axb3 26. axb3 Nd5 27. Bxd5 exd5 28. Rxh6 c4 29. dxc4 dxc4 30. Rh3 cxb3+ 31. Qc3 Qb6 32. Qd4 Rc8+ 33. Rc3 Qe6 34. Rxc8+ Qxc8+ 35. Kd1 Rb5 36. Qc4 Qb8 37. Re1 Rb4 38. Qd5 Rxg4 39. Ne4 Qc8 40. Qxb3 Rg2 41. Qc3 Qd7+ 42. Kc1 Qb7 43. Nf6+ Bxf6 44. exf6 Qb8 45. Kb1 Rg5 46. Rc1 Qd8 47. Qc8 Rd5 48. Qxd8+ Rxd8 49. Kc2 Kh7 50. Rh1+ Kg8 51. Rd1 Rc8+ 52. Kd3 Re8 53. Bd4 Kh7 54. Rh1+ Kg8 55. Rb1 Kh7 56. Rb7 Kg8 57. Rd7 Rb8 58. Be5 Ra8 59. Bd6 1-0

[Event "CRO-chT2 West"]
[Site "Rijeka"]
[Date "2012.04.22"]
[Round "6.15"]
[White "Fattorich, Igor"]
[Black "Kanceljak, Dalia"]
[Result "1-0"]
[WhiteElo "2059"]
[BlackElo "1909"]
[PlyCount "83"]
[EventDate "2012.03.17"]
[EventType "team-tourn"]
[EventRounds "9"]
[EventCountry "CRO"]
[SourceTitle "EXT 2013"]
[Source "ChessBase"]
[SourceDate "2012.11.22"]
[SourceVersion "1"]
[SourceVersionDate "2012.11.22"]
[SourceQuality "1"]

1. d4 d5 2. Nf3 Nf6 3. c3 c6 4. Bg5 Ne4 5. Bf4 Qb6 6. Qc2 Bf5 7. Nh4 Ng3 8. Nxf5 Nxh1 9. g3 Nd7 10. Bg2 Nxf2 11. Kxf2 e6 12. Nh4 e5 13. Be3 e4 14. Nd2 Nf6 15. Ke1 Ng4 16. Bg1 Nh6 17. Bh3 Bd6 18. Nf1 Qd8 19. Qd2 Be7 20. Nf5 Nxf5 21. Bxf5 g6 22. Bh3 f5 23. Be3 Rf8 24. Bf4 g5 25. Be5 h5 26. Kd1 Qb6 27. Kc2 Qa5 28. Ne3 g4 29. Bg2 Bg5 30. Rf1 Qxa2 31. Bf4 Be7 32. Bh6 Ba3 33. Qc1 Rf6 34. Nxf5 0-0-0 35. Bg5 Rff8 36. Bxd8 Rxd8 37. Qa1 Qc4 38. Kd2 Bf8 39. Qxa7 e3+ 40. Ke1 Qb5 41. Nxe3 Re8 42. Rxf8 1-0

[Event "Porec op"]
[Site "Porec"]
[Date "2009.12.03"]
[Round "2"]
[White "Fattorich, Igor"]
[Black "Crepan, Marjan"]
[Result "0-1"]
[WhiteElo "2079"]
[BlackElo "2324"]
[PlyCount "116"]
[EventDate "2009.12.03"]
[EventType "swiss"]
[EventRounds "7"]
[EventCountry "CRO"]
[SourceTitle "CBM 133 Extra"]
[Source "ChessBase"]
[SourceDate "2010.01.05"]
[SourceVersion "1"]
[SourceVersionDate "2010.01.05"]
[SourceQuality "1"]

1. d4 d5 2. Nf3 Nf6 3. Bf4 c6 4. Nbd2 Bf5 5. h3 e6 6. e3 Nbd7 7. Be2 h6 8. Ne5 Qb6 9. Qc1 c5 10. c3 Rc8 11. 0-0 Nxe5 12. Bxe5 Nd7 13. Nf3 Be7 14. g4 Be4 15. Bxg7 Bxf3 16. Bxf3 Rg8 17. dxc5 Qc6 18. Bxh6 e5 19. e4 dxe4 20. Bg2 f5 21. Re1 Nxc5 22. Qe3 f4 23. Bxf4 exf4 24. Qxf4 Nd3 25. Qg3 Nxe1 26. Rxe1 Rd8 27. Bxe4 Qe6 28. Qe3 Qd6 29. Bxb7 Kf8 30. Bd5 Rg5 31. c4 Bf6 32. f4 Rxd5 33. cxd5 Qxd5 34. Qa3+ Kg7 35. Qxa7+ Rd7 36. Qa6 Bd4+ 37. Kh2 Qf3 38. Qe6 Qf2+ 39. Kh1 Qf3+ 40. Kh2 Qxf4+ 41. Kh1 Qf3+ 42. Kh2 Rc7 43. Re2 Qf4+ 44. Kg2 Rf7 45. g5 Qf1+ 46. Kg3 Rf3+ 47. Kh4 Rf4+ 48. Kg3 Rf3+ 49. Kh4 Bf2+ 50. Rxf2 Qxf2+ 51. Kh5 Rf7 52. Qe5+ Kf8 53. Qd6+ Kg8 54. Qe6 Qf3+ 55. Kh6 Qxh3+ 56. Qxh3 Rh7+ 57. Kg6 Rxh3 58. Kf5 Rh2 0-1

[Event "Pula op"]
[Site "Pula"]
[Date "2009.06.30"]
[Round "5"]
[White "Fattorich, Igor"]
[Black "Foldi, Istvan"]
[Result "1/2-1/2"]
[WhiteElo "2079"]
[BlackElo "2296"]
[PlyCount "109"]
[EventDate "2009.06.27"]
[EventType "swiss"]
[EventRounds "9"]
[EventCountry "CRO"]
[SourceTitle "CBM 131 Extra"]
[Source "ChessBase"]
[SourceDate "2009.09.03"]
[SourceVersion "2"]
[SourceVersionDate "2009.09.16"]
[SourceQuality "1"]

1. d4 Nf6 2. Nf3 e6 3. Bf4 b6 4. e3 Bb7 5. Bd3 c5 6. c3 Be7 7. Nbd2 cxd4 8. exd4 d6 9. Qe2 Nbd7 10. 0-0 0-0 11. Rfe1 Re8 12. h3 Bf8 13. Bb5 a6 14. Ba4 h6 15. Rad1 Qc7 16. Bc2 Qc6 17. Qc4 Qxc4 18. Nxc4 Bxf3 19. gxf3 d5 20. Ne5 Rec8 21. Kh1 Nxe5 22. dxe5 Nh5 23. Be3 Bc5 24. Rg1 Kf8 25. Rg4 Ke7 26. Rdg1 Bxe3 27. fxe3 g6 28. Rh4 Rc4 29. f4 Rac8 30. a3 b5 31. Bd3 R4c7 32. Kg2 Rh8 33. Kf3 Ng7 34. Rhg4 h5 35. R4g2 Rb8 36. Rd2 a5 37. e4 b4 38. cxb4 axb4 39. exd5 exd5 40. a4 Ne6 41. Bb5 d4 42. Rgd1 Rc5 43. Rxd4 Nxd4+ 44. Rxd4 b3 45. Rb4 f6 46. exf6+ Kxf6 47. Rxb3 g5 48. fxg5+ Rxg5 49. Rb4 Ke5 50. Re4+ Kd6 51. Rf4 Rbg8 52. Rh4 Ke5 53. Re4+ Kd6 54. Rh4 Ke5 55. Re4+ 1/2-1/2

[Event "Porec op"]
[Site "Porec"]
[Date "2008.12.05"]
[Round "3"]
[White "Fattorich, Igor"]
[Black "Fucak, Emilijo"]
[Result "0-1"]
[WhiteElo "2077"]
[BlackElo "2253"]
[PlyCount "108"]
[EventDate "2008.12.04"]
[EventType "swiss"]
[EventRounds "7"]
[EventCountry "CRO"]
[SourceTitle "CBM 127 Extra"]
[Source "ChessBase"]
[SourceDate "2009.01.08"]
[SourceVersion "2"]
[SourceVersionDate "2009.01.28"]
[SourceQuality "1"]

1. d4 e6 2. Nf3 Nf6 3. Bf4 Ne4 4. h3 d5 5. Nbd2 Bd6 6. e3 Bxf4 7. exf4 Nc6 8. c3 Bd7 9. Bd3 f5 10. g3 Qe7 11. Qe2 h6 12. Nh4 Rg8 13. 0-0-0 a6 14. Rdg1 g6 15. Nb3 b6 16. f3 Nxg3 17. Rxg3 Qxh4 18. Rhg1 Qxf4+ 19. Kb1 Kf7 20. Bxa6 e5 21. Bb7 e4 22. Bxa8 exf3 23. Rxf3 Qe4+ 24. Qxe4 dxe4 25. Bxc6 Bxc6 26. Rff1 Bb5 27. Rf4 Kf6 28. Kc1 g5 29. Kd1 Re8 30. Rf2 e3 31. Rh2 f4 32. Nc1 f3 33. Ke1 h5 34. b3 f2+ 35. Rxf2+ exf2+ 36. Kxf2 Bd7 37. Rg3 g4 38. hxg4 Bxg4 39. Re3 Rh8 40. Kg3 Kg5 41. Re5+ Bf5 42. Ne2 h4+ 43. Kh2 Rd8 44. c4 Kf6 45. Re3 c6 46. Rf3 Kg5 47. Re3 Kf6 48. Rf3 Kg5 49. Re3 Bg4 50. d5 cxd5 51. Nd4 dxc4 52. Ne6+ Bxe6 53. Rxe6 Rd2+ 54. Kh1 c3 0-1

[Event "Porec op"]
[Site "Porec"]
[Date "2007.12.07"]
[Round "3"]
[White "Fattorich, Igor"]
[Black "Milasincic, Stjepan"]
[Result "1-0"]
[WhiteElo "2055"]
[BlackElo "1676"]
[PlyCount "51"]
[EventDate "2007.12.06"]
[EventType "swiss"]
[EventRounds "7"]
[EventCountry "CRO"]
[SourceTitle "CBM 121 Extra"]
[Source "ChessBase"]
[SourceDate "2008.01.10"]
[SourceVersion "1"]
[SourceVersionDate "2008.01.10"]
[SourceQuality "1"]

1. d4 c6 2. Nf3 d6 3. c4 g6 4. Nc3 Bg7 5. e4 Nd7 6. Be3 Qc7 7. Qd2 Ngf6 8. Bh6 0-0 9. Be2 e5 10. 0-0 a6 11. Bxg7 Kxg7 12. Rad1 Rd8 13. Ng5 exd4 14. Qxd4 Ne5 15. f4 c5 16. Nd5 Nxd5 17. Qxd5 Nc6 18. f5 Nd4 19. Rxd4 cxd4 20. fxg6 Rf8 21. Nxh7 Be6 22. Qxd4+ Kxg6 23. Nxf8+ Rxf8 24. Qf6+ Kh7 25. Rf4 Qc5+ 26. Kh1 1-0

[Event "Porec op"]
[Site "Porec"]
[Date "2007.12.07"]
[Round "4"]
[White "Fattorich, Igor"]
[Black "Zelic, Mladen"]
[Result "1/2-1/2"]
[WhiteElo "2055"]
[BlackElo "2286"]
[PlyCount "136"]
[EventDate "2007.12.06"]
[EventType "swiss"]
[EventRounds "7"]
[EventCountry "CRO"]
[SourceTitle "CBM 121 Extra"]
[Source "ChessBase"]
[SourceDate "2008.01.10"]
[SourceVersion "1"]
[SourceVersionDate "2008.01.10"]
[SourceQuality "1"]

1. d4 f5 2. g3 Nf6 3. Bg2 g6 4. Nf3 Bg7 5. 0-0 0-0 6. b4 d6 7. Bb2 e6 8. c4 Ne4 9. Qc2 Nd7 10. Nbd2 Nxd2 11. Qxd2 Nb6 12. Rac1 Bd7 13. Ba1 Bc6 14. Qe3 Qd7 15. Rfd1 Rac8 16. b5 Be4 17. Qb3 f4 18. c5 Nd5 19. Ne5 dxe5 20. Bxe4 exd4 21. c6 bxc6 22. bxc6 Qf7 23. Bxd4 fxg3 24. Qxg3 Bxd4 25. Rxd4 Nf4 26. Rc2 Rcd8 27. Rdd2 Qf6 28. f3 Rxd2 29. Rxd2 Qc3 30. Qe1 Qe3+ 31. Kh1 Nh3 32. Kg2 Ng5 33. Rd3 Qc5 34. Qh4 Qe5 35. Qg3 Rf4 36. e3 Qb2+ 37. Qf2 Qxf2+ 38. Kxf2 Nxe4+ 39. Ke2 Rf6 40. fxe4 e5 41. Rd8+ Kg7 42. Rd7+ Rf7 43. Rd5 Rf6 44. Rd7+ Rf7 45. Rd5 Re7 46. Kd3 Kf6 47. Kc4 Ke6 48. Kb5 Rf7 49. Ka6 Rf2 50. Kb7 Rxh2 51. Kxc7 g5 52. Kd8 Rf2 53. Kc8 h5 54. c7 g4 55. Kb8 Rb2+ 56. Ka8 Rc2 57. Kb7 Rb2+ 58. Ka8 Rc2 59. Kb7 g3 60. Rd8 h4 61. Rg8 Rb2+ 62. Kc6 Rc2+ 63. Kb7 Rb2+ 64. Kxa7 Rxa2+ 65. Kb6 Rb2+ 66. Ka7 Rc2 67. Kb7 Rb2+ 68. Kc6 Rc2+ 1/2-1/2

[Event "Porec op"]
[Site "Porec"]
[Date "2007.12.06"]
[Round "2"]
[White "Crepan, Marjan"]
[Black "Fattorich, Igor"]
[Result "1-0"]
[WhiteElo "2323"]
[BlackElo "2055"]
[PlyCount "77"]
[EventDate "2007.12.06"]
[EventType "swiss"]
[EventRounds "7"]
[EventCountry "CRO"]
[SourceTitle "CBM 121 Extra"]
[Source "ChessBase"]
[SourceDate "2008.01.10"]
[SourceVersion "1"]
[SourceVersionDate "2008.01.10"]
[SourceQuality "1"]

1. e4 g6 2. d4 d6 3. Bc4 Bg7 4. Nc3 Nf6 5. Bb3 Nc6 6. Bg5 0-0 7. h3 Na5 8. Nf3 Nxb3 9. axb3 c6 10. 0-0 h6 11. Bh4 Nh5 12. Nh2 Nf4 13. Bg3 Nh5 14. Bh4 Nf4 15. Re1 Qc7 16. Nf1 e5 17. d5 Qd7 18. Ne3 c5 19. Bg3 b5 20. Ra5 Rb8 21. Ne2 Nh5 22. Bh2 a6 23. b4 Qd8 24. c3 cxb4 25. cxb4 Qg5 26. Kh1 f5 27. exf5 gxf5 28. Ng1 Bf6 29. Ra3 Kh8 30. Rc3 Rg8 31. Rc6 Be7 32. Nf3 Qg7 33. Nxe5 f4 34. Qxh5 fxe3 35. Ng4 exf2 36. Rf1 Bxg4 37. hxg4 Qf6 38. Rxf2 Qg6 39. Be5+ 1-0

[Event "Pula op 20th"]
[Site "Pula"]
[Date "2006.06.18"]
[Round "1"]
[White "Fattorich, Igor"]
[Black "Tratar, Marko"]
[Result "0-1"]
[WhiteElo "2061"]
[BlackElo "2499"]
[PlyCount "84"]
[EventDate "2006.06.18"]
[EventType "swiss"]
[EventRounds "9"]
[EventCountry "CRO"]
[SourceTitle "CBM 112 Extra"]
[Source "ChessBase"]
[SourceDate "2006.07.14"]
[SourceVersion "1"]
[SourceVersionDate "2006.07.14"]
[SourceQuality "1"]

1. d4 Nf6 2. c4 g6 3. Nc3 Bg7 4. e4 d6 5. Be3 Ng4 6. Bg5 h6 7. Bh4 c5 8. d5 Qa5 9. Qa4+ Qxa4 10. Nxa4 g5 11. Bg3 f5 12. exf5 Bxf5 13. Nf3 Nd7 14. Be2 Kf7 15. Kd2 Ndf6 16. Nc3 Nh5 17. h3 Nxg3 18. fxg3 Nf2 19. Rhf1 Bxc3+ 20. bxc3 Ne4+ 21. Ke3 Nxg3 22. Rf2 Kg6 23. Bd3 e6 24. Re1 Rae8 25. Kd2 Bxd3 26. Kxd3 exd5 27. cxd5 Rxe1 28. Nxe1 Re8 29. Nc2 b5 30. c4 bxc4+ 31. Kxc4 a6 32. Kd3 Re5 33. Kc4 h5 34. Rf3 Nf5 35. Ra3 Re2 36. Kd3 Rxg2 37. Rxa6 Rg3+ 38. Ke2 Rxh3 39. a4 Rh2+ 40. Kd3 g4 41. a5 g3 42. Ne3 c4+ 0-1

[Event "Porec op"]
[Site "Porec"]
[Date "2005.12.04"]
[Round "7"]
[White "Vukovic, Nikola"]
[Black "Fattorich, Igor"]
[Result "1-0"]
[WhiteElo "2182"]
[BlackElo "2023"]
[PlyCount "163"]
[EventDate "2005.12.01"]
[EventType "swiss"]
[EventRounds "7"]
[EventCountry "CRO"]
[SourceTitle "CBM 109 Extra"]
[Source "ChessBase"]
[SourceDate "2006.01.03"]
[SourceVersion "2"]
[SourceVersionDate "2006.01.03"]
[SourceQuality "1"]

1. d4 d5 2. Nf3 Bf5 3. c4 c6 4. Nc3 e6 5. cxd5 exd5 6. e3 Nf6 7. Nh4 Bg4 8. Qb3 Qb6 9. Qxb6 axb6 10. h3 Be6 11. Bd3 Na6 12. 0-0 g6 13. Bd2 Be7 14. Nf3 Nb4 15. Be2 c5 16. a3 Nc6 17. Nb5 0-0 18. Rfd1 Ne4 19. Be1 Rfc8 20. Rac1 c4 21. Bxc4 dxc4 22. d5 Bd7 23. dxc6 Bxc6 24. Nfd4 Be8 25. f3 Nd6 26. Bb4 Nxb5 27. Bxe7 Nxd4 28. Rxd4 b5 29. Kf2 Bc6 30. g4 Kg7 31. g5 h5 32. e4 Re8 33. Bf6+ Kf8 34. Ke3 Ra4 35. Re1 Rea8 36. Red1 b4 37. axb4 Rxb4 38. Rd6 Re8 39. h4 Ra4 40. Kd4 Rc8 41. Kc3 Be8 42. Rb6 Bc6 43. Rd4 Ra6 44. Rxa6 bxa6 45. Rd6 Ke8 46. Kd4 a5 47. Kxc4 a4 48. Kd4 Bd7 49. Ra6 Rb8 50. Ra5 Rc8 51. f4 Rb8 52. f5 Kf8 53. fxg6 fxg6 54. Kc5 Kf7 55. Kd6 Be8 56. Ra7+ Kf8 57. Bd4 Rc8 58. Ke6 Rc6+ 59. Ke5 Rc8 60. Kd5 Bc6+ 61. Kd6 Be8 62. Ke6 Rc6+ 63. Kd5 Rc8 64. e5 Rd8+ 65. Ke4 Bc6+ 66. Ke3 Re8 67. Kf4 Re6 68. Bc5+ Ke8 69. Bd6 Kd8 70. Ke3 Re8 71. Kd4 Bd7 72. Ra8+ Bc8 73. Rxa4 Kd7 74. Ra7+ Kc6 75. b4 Kb5 76. Rg7 Bf5 77. Rb7+ Ka6 78. Rc7 Be6 79. Kc5 Rc8 80. Rxc8 Bxc8 81. Bf8 Kb7 82. Kd6 1-0